| 000 | 01160nac a22002291u 4500 | ||
|---|---|---|---|
| 008 | 100923t xxu||||| |||| 00| 0 eng d | ||
| 010 | _a 2002028842 | ||
| 020 | _a0471203467 | ||
| 082 | 0 | 0 |
_a665.5385 _bSPE |
| 100 |
_aSpeight, J. G. _919836 |
||
| 245 | 1 | 0 |
_aHandbook of Petroleum Product Analysis / _cJames G. Speight. |
| 260 |
_aNew York : _bWiley-Interscience, _cc2002. |
||
| 300 |
_axvi, 409 p. : _bill. ; _c24 cm. |
||
| 504 | _aIncludes bibliographical references and index. | ||
| 650 | 0 |
_aPetroleum products _xAnalysis. _919837 |
|
| 856 | 4 | 2 |
_3Contributor biographical information _uhttp://www.loc.gov/catdir/bios/wiley043/2002028842.html |
| 856 | 4 | 2 |
_3Publisher description _uhttp://www.loc.gov/catdir/description/wiley036/2002028842.html |
| 856 | 4 | 2 |
_3Table of contents _uhttp://www.loc.gov/catdir/toc/wiley023/2002028842.html |
| 856 | 4 | 2 |
_3Book review (E-STREAMS) _uhttp://www.e-streams.com/es0612/es0612_2900.html |
| 942 |
_cBB _k665.5385 SPE _2ddc |
||
| 999 |
_c1909 _d1909 |
||